000 00877nam0a22002651 4500
001 rc\1851793
005 20260406104524.0
035 _a(NLR Aleph) 005290147
090 _a6182060
_c6182060
100 _a20080221d1909 |||y0rusy50 ca
101 0 _arus
102 _aRU
105 _ay z |||a|
200 1 _aЗлой-разлучник
_e[рассказ
_fМ. Зотов]
210 _aМосква
_cтипография Ф.И. Филатова
_d1909
215 _a31 с.
_d14
300 _aАвтор указан в конце текста
700 1 _8rus
_7ca
_aЗотов
_bМ.
_cписатель
_gМихаил
_3RU\NLR\AUTH\7796255
_979181
801 0 _aRU
_bNLR
_c20080221
_gpsbo
801 0 _aRU
_bRuMoRGB
_c20080221
_2psbo
801 1 _aRU
_bProSoft-M
_c20080221
_2rusmarc
801 2 _aRU
_bNLR
_c20130122
_2rusmarc
852 _aNLR
_j43.12.9.616
942 _cBOOK
980 _aNB